00722cam a2200229 a 45000010008000000030004000080050017000120080041000290100017000700200015000870350020001020400018001220420014001400500020001541000022001742450127001962600043003233000026003665040041003926500021004336500038004543401657OSt20220225144308.0930203s1990 cau b 000 0 eng d a 89080976  a0875166210 a(OCoLC)21597434 aCoDcCoDdDLC alccopycat00aHN25b.F33 19901 aFadali, Moneim A.10aCoping and beyond :bbeing a surgeon's reflections on medicine, science, art, and a life worth living /cMoneim A. Fadali. aMarina del Rey, CA :bDeVorss,cc1990. axiv, 161 p. ;c23 cm. aIncludes bibliographical references. 0aQuality of life. 0aPhilosophy, Moderny20th century.